| 000 | 00654nam a2200205Ia 4500 | ||
|---|---|---|---|
| 003 | BUBTL | ||
| 008 | 151213s9999 xx 000 0 und d | ||
| 082 | _a343.052/ Am99i/ 2005 | ||
| 100 |
_aআমজাদ, আবু _94315 |
||
| 245 |
_aআয়কর সারগ্রন্থ/ _cআবু আমজাদ। |
||
| 250 | _a6th | ||
| 260 |
_aঢাকা _bসাফকাত প্রকাশনী _cc2005 |
||
| 300 |
_a[40], 687p . : _c21cm. |
||
| 650 | _aLaw | ||
| 650 |
_aLaw _94316 |
||
| 700 | _aআবু আমজাদ। | ||
| 856 |
_k0 _l0 _yDownload |
||
| 942 |
_2ddc _cBK |
||
| 999 |
_c1730 _d1730 |
||